Équipes - Euro 2024 - Statistiques

Statistiques générales
  • Ce quiz a été pris 205 fois
  • Le résultat moyen est 21 sur 24
Statistiques - réponses
Équipe % Correct
France
99%
Allemagne
98%
Italie
97%
Espagne
96%
Portugal
96%
Suisse
96%
Angleterre
95%
Pays-Bas
95%
Belgique
93%
Pologne
92%
Croatie
91%
Autriche
90%
Ukraine
87%
Albanie
84%
Hongrie
84%
Slovaquie
84%
Slovénie
83%
Écosse
82%
Roumanie
81%
Turquie
81%
Danemark
80%
Serbie
76%
Géorgie
75%
Tchéquie
69%
Aucun quiz correspondant
Distribution des résultats
% des personnes avec chaque résultat
Percentile par nombre de réponses
Votre historique - résultats
Vous n’avez pas pris ce quiz